00817nam a2200253 a 4500001001300000003000900013005001700022008004100039020002300080082001700103100002100120245006900141260004600210300000900256500003500265505003800300650002800338650002400366700002100390902000800411942000700419952012000426999001700546nice12345678IN_TiNIC20260116015058.0050524s1997 amsa grp 000 0 eng  a9053836 c10000a303.625bPET aPettigrew, Joyce aMartyrdom and Political Resistanceb Essays from Asia and Europe aAmsterdambCentre for Asian Studiesc1997 a146p aincludes index and biblioraphy2 aThesis of Philip Hassett, 1994-95 aTerrorism and Martyrdom aMartyrdom-Political1 aPettigrew, Joyce bSRS cBK 001040708StackRoom-aHMIbHMId2007-03-20g100.00l0o303.625 PETp11000334r2007-03-20v100.00w2005-05-24yBK c18221d18221